| 000 | 00715cam a22002414a 4500 | ||
|---|---|---|---|
| 005 | 20250605164130.0 | ||
| 008 | 250528s ||||||||||||||||||||||||d | ||
| 035 | _a18604 | ||
| 020 | _a8620385 | ||
| 040 |
_aGR-AtMCL _bgre _dGR-AtMCL _eAACR2 |
||
| 245 | 1 | _aMolecular Basis of Neural Function / European Society for Neurochemistry | |
| 260 | _c1986 | ||
| 300 | _a464 | ||
| 520 | _aPlenary Lectures, Symposia, Workshops, Round Tables, Posters, Author and Subject Index. | ||
| 700 | 1 |
_aKrivanek J _94866 |
|
| 700 | 1 |
_aStastny F _94867 |
|
| 700 | 1 |
_aStipek S _94868 |
|
| 700 | 1 |
_aTucek S _94869 |
|
| 942 | _cBK | ||
| 710 | 2 |
_aEuropean Society For Neurochemistry _99759 |
|
| 999 |
_c3953 _d3953 |
||